Most Popular Boy Names in the U.S. A-Z - Statistics

General Stats
  • This quiz has been taken 75 times
  • The average score is 14 of 26
Answer Stats
Letter Name % Correct
J James
81%
P Paul
77%
R Robert
77%
M Michael
76%
W William
74%
T Thomas
73%
Z Zachary
73%
F Frank
71%
D David
70%
S Steven
67%
H Henry
64%
C Christopher
63%
X Xavier
59%
N Nicholas
56%
I Isaac
54%
A Anthony
50%
K Kevin
49%
Q Quentin
44%
V Vincent
43%
B Brian
40%
G Gary
40%
E Eric
37%
O Owen
36%
L Larry
33%
U Uriel
6%
Y Yahir
3%
No matching quizzes found
Score Distribution
Percent of People with Each Score
Percentile by Number Answered
Your Score History
You have not taken this quiz